Normal view
MARC view
- Posamentier, Alfred S , Jay Stepelman, ترجمة: حسن مظفر الرزو ؛ مراجعة: صالح عوض عرم
Entry Personal Name
001 - CONTROL NUMBER
- control field: 21926
003 - CONTROL NUMBER IDENTIFIER
- control field: JO-AjAnu
005 - DATE AND TIME OF LATEST TRANSACTION
- control field: 20230606073807.0
008 - FIXED-LENGTH DATA ELEMENTS
- fixed length control field: 230606|| aca||aabn | a|a d
040 ## - CATALOGING SOURCE
- Original cataloging agency: JO-AjAnu
- Transcribing agency: JO-AjAnu
100 ## - HEADING--PERSONAL NAME
- Personal name: Posamentier, Alfred S , Jay Stepelman, ترجمة: حسن مظفر الرزو ؛ مراجعة: صالح عوض عرم
670 ## - SOURCE DATA FOUND
- Source citation: Work cat.: (JO-AjAnu)11267: Posamentier, Alfred S , Jay Stepelman, ترجمة: حسن مظفر الرزو ؛ مراجعة: صالح عوض عرم , author, تعليم الرياضيات للمرحلة الثانوية اساليب ووحدات اثرائية